000 00448nam a2200181Ia 4500
001 8761
005 20260306160633.0
008 260306t2014||||xx |||||||||||||| ||spa||
041 _aESP
082 _a371.33
_bC13
100 _aCabero Almenara, Julio
_eAUT
245 0 _aInvestigación aplicada a la tecnología educativa
260 _c2014
300 _a213 páginas :
_c24 cm.
650 _aGEN
654 _aCED
942 _cLIB
_dJUS
_fJUS
_2ddc
_n
999 _c8761
_d8761